Egan's new standard (Record no. 65451)

MARC details
000 -LEADER
fixed length control field 01152cam a2200277 4500
001 - CONTROL NUMBER
control field ABS63104
008 - FIXED-LENGTH DATA ELEMENTS--GENERAL INFORMATION
fixed length control field 000000n2000 000 0 eng u
035 ## - SYSTEM CONTROL NUMBER
System control number (Sirsi) u109632
100 ## - MAIN ENTRY--PERSONAL NAME
Personal name Mosey, D
245 ## - TITLE STATEMENT
Title Egan's new standard
260 ## - PUBLICATION, DISTRIBUTION, ETC.
Date of publication, distribution, etc. 2000
490 ## - SERIES STATEMENT
Series statement Property Week
Volume/sequential designation 65(45) 17 November 2000, 116(1)
520 ## - SUMMARY, ETC.
Summary, etc. Looks at PPC 2000, the first standard form of project partnering contract to integrate design, cost and risk to create a new procurement process. Examines how PPC 2000 departs from other construction contracts, and outlines its unique features which include a multi-task approach, taking on board recommendations from "Rethinking Construction", and agreeing a thorough system for risk management.
590 ## - LOCAL NOTE (RLIN)
Local note ABS
650 ## - SUBJECT ADDED ENTRY--TOPICAL TERM
Topical term or geographic name entry element ASSOCIATION OF CONSULTANT ARCHITECTS
650 ## - SUBJECT ADDED ENTRY--TOPICAL TERM
Topical term or geographic name entry element PROJECT PARTNERING CONTRACT
650 ## - SUBJECT ADDED ENTRY--TOPICAL TERM
Topical term or geographic name entry element COST CONTROL
650 ## - SUBJECT ADDED ENTRY--TOPICAL TERM
Topical term or geographic name entry element RISK MANAGEMENT
650 ## - SUBJECT ADDED ENTRY--TOPICAL TERM
Topical term or geographic name entry element BUILT ENVIRONMENT-BUILDING CONTRACT FORMS
650 ## - SUBJECT ADDED ENTRY--TOPICAL TERM
Topical term or geographic name entry element EGAN REFORMS
650 ## - SUBJECT ADDED ENTRY--TOPICAL TERM
Topical term or geographic name entry element PPC 2000
690 ## - LOCAL SUBJECT ADDED ENTRY--TOPICAL TERM (OCLC, RLIN)
Topical term or geographic name as entry element BUILT ENVIRONMENT-BUILDING CONTRACT FORMS
700 ## - ADDED ENTRY--PERSONAL NAME
Personal name Pedder, C
710 ## - ADDED ENTRY--CORPORATE NAME
Corporate name or jurisdiction name as entry element Trowers & Hamlins
9 (RLIN) 3975
942 ## - ADDED ENTRY ELEMENTS (KOHA)
Suppress in OPAC 0
Holdings
Withdrawn status Lost status Source of classification or shelving scheme Damaged status Not for loan Home library Current library Shelving location Date acquired Total Checkouts Full call number Barcode Date last seen Copy number Price effective from Koha item type
    Dewey Decimal Classification     London London Journal article 30/11/2000   ABS63104 109632-1001 06/08/2019 1 06/08/2019 Journal article